|
|
|
|
| LEADER |
00000nam0a2200000 4500 |
| 001 |
320087 |
| 005 |
20231102003237.0 |
| 035 |
|
|
|a (RuTPU)RU\TPU\book\345610
|
| 035 |
|
|
|a RU\TPU\book\183812
|
| 035 |
|
|
|a RU\TPU\book\343053
|
| 035 |
|
|
|a RU\TPU\book\344518
|
| 090 |
|
|
|a 320087
|
| 100 |
|
|
|a 20091112d1978 k y0rusy50 ca
|
| 101 |
0 |
|
|a rus
|
| 102 |
|
|
|a KZ
|
| 105 |
|
|
|a a z 001zy
|
| 200 |
1 |
|
|a Химия и технология серы, селена, теллура
|e [сборник статей]
|f Академия наук Казахской ССР (АН КазССР), Химико-металлургический институт (ХМИ) ; отв. ред. Д. Н. Абишев
|
| 210 |
|
|
|a Алма-Ата
|c Наука
|d 1978
|
| 215 |
|
|
|a 170 с.
|c ил.
|
| 225 |
1 |
|
|a Труды Химико-металлургического института
|v Т. 28
|
| 320 |
|
|
|a Библиогр. в конце ст.
|
| 606 |
1 |
|
|a Селен
|x Химия
|2 stltpush
|3 (RuTPU)RU\TPU\subj\74992
|9 86895
|
| 606 |
1 |
|
|a Теллур
|x Химия
|2 stltpush
|3 (RuTPU)RU\TPU\subj\74993
|9 86896
|
| 606 |
1 |
|
|a Сера
|x Химия
|2 stltpush
|3 (RuTPU)RU\TPU\subj\74989
|9 86892
|
| 610 |
1 |
|
|a химическая технология
|
| 610 |
1 |
|
|a обжиг
|
| 610 |
1 |
|
|a спекание
|
| 610 |
1 |
|
|a изотермические исследования
|
| 610 |
1 |
|
|a растворимость
|
| 610 |
1 |
|
|a щелочные растворы
|
| 610 |
1 |
|
|a термодинамический анализ
|
| 675 |
|
|
|a 546.23
|v 3
|
| 675 |
|
|
|a 546.24
|v 4
|
| 675 |
|
|
|a 546.22
|v 4
|
| 702 |
|
1 |
|a Абишев
|b Д. Н.
|4 340
|
| 712 |
0 |
2 |
|a Академия наук Казахской ССР (АН КазССР)
|b Химико-металлургический институт (ХМИ)
|c (Караганда)
|2 stltpush
|3 (RuTPU)RU\TPU\col\7909
|
| 801 |
|
1 |
|a RU
|b 63413507
|c 20160623
|
| 801 |
|
2 |
|a RU
|b 63413507
|c 20190903
|g RCR
|
| 942 |
|
|
|c BK
|